000 00968nam a22003017a 4500
001 5155
003 FISKH
005 20241108080922.0
008 241108b cb ||||| |||| 00| 0 eng d
020 _a9780140544510
040 _aFISKH
_beng
_cFISKH
_dFISKH
050 _aPZ7.S41267
082 _a813.54
100 _aScieszka, Jon /
_d(1954-)
245 _aThe true story of the 3 little pigs /
_cBy A. Wolf As Told To Jon Scieszka Illustrated by Lane Smith
250 _aPublished in 1996
260 _aCanada :
_bPenguin,
_c1996.
300 _a27 pages :
_bColor illustrations ;
_c27 cm
505 _aL
520 _aThe wolf gives his own outlandish version of what really happened when he tangled with the three little pigs.
521 8 _a510L
_bLexile
521 8 _aL
_bRaz-Plus
650 _2Fiction
_aPoint of view
650 _2Three little pigs
_aPerspective
700 _aSmith, Lane
_dIllustrator
942 _2ddc
_cBK
_n0
999 _c5155
_d5155